The practice and procedure of international conferences /

Bibliographic Details
Main Author: Dunn, Frederick Sherwood, 1893-1962
Format: Book
Language:English
Published: Baltimore : London : The Johns Hopkins press; Oxford university press, 1929.
Series:Johns Hopkins university studies in historical and political science. Extra volumes. New ser., no.6
Subjects:

MARC

Tag First Indicator Second Indicator Subfields
LEADER 00000cam a2200000 4500
001 in00000065974
005 20151008051233.0
008 711213s1929 mdu 00000 eng u
010 |a  29016591  
035 |a (OCoLC)00181941 
035 |9 AAG6676AM 
040 |c WSU  |d TXA  |d UtOrBLW 
049 |a TXAM  |c [347682] 
050 0 |a H31  |b .J62 new ser., no.6 
090 |a JX41  |b .D8 1929 
092 |a 341.063  |b D923p 
100 1 |a Dunn, Frederick Sherwood,  |d 1893-1962. 
245 1 4 |a The practice and procedure of international conferences /  |c by Frederick Sherwood Dunn ... 
264 1 |a Baltimore :  |b The Johns Hopkins press;  |a London :  |b Oxford university press,  |c 1929. 
300 |a 229 pages 
336 |a text  |b txt  |2 rdacontent 
337 |a unmediated  |b n  |2 rdamedia 
338 |a volume  |b nc  |2 rdacarrier 
490 0 |a Johns Hopkins university studies in historical and political science. Extra volumes. New ser., no.6 
650 0 |a Congresses and conventions. 
650 0 |a International relations  |v Congresses. 
999 |a MARS 
999 f f |s 1359763a-80b4-320c-8b26-1965b16cbb63  |i a227e4dc-70cd-312c-bdaf-dd8a7391d525  |t 0 
952 f f |p ric  |a Texas A&M University  |b Rellis Campus  |c Joint Library Facility  |d Remote Storage  |t 0  |e JX41 .D8 1929  |h Library of Congress classification  |i unmediated -- volume  |m A14800781865 
998 f f |a JX41 .D8 1929  |t 0  |l Remote Storage